000 00296nam a2200133Ia 4500
005 20251222155209.0
008 251222s9999||||xx |||||||||||||| ||spa||
082 _aLEN.63
100 _aHUXLEY,Aldous.
245 0 _aUn Mundo FelĂ­z
250 _a1ra. ed.
264 _bEl comercio
942 _cLIB
999 _c40229
_d40229